000 01161nam a2200289 a 4500
001 1566217
003 CO-ViMGA
005 20230915233612.0
008 180418s2017 ck a gr 00010 spa d
020 _a9789583054495
040 _aCO-ViMGA
_bspa
_cCO-ViMGA
041 1 _hger
082 0 4 _aI741.5
_bG37m
_221
100 1 _aGerg, Franz.
_9742
245 1 0 _aMax & Lucy :
_bconocen a los grandes inventores y sus inventos /
_cilustraciones Franz Gerg ; traducción del alemán Denise Muhelen.
250 _aEdición Luisa Noguera Arrieta.
260 _aBogot :̀
_bPanamericana Editorial,
_c2017.
300 _a143 páginas :
_bilustraciones ;
_c29 cm.
534 _pTítulo original :
_tMax & Lucy bei den alten vl̲kern.
650 1 4 _aHistoria de los inventos
_x Tiras cómicas, historietas, etc.
_9775
650 1 4 _aHistorias de aventuras
_x Tiras cómicas, historietas, etc.
_9778
650 1 4 _aInventores
_x Tiras cómicas, historietas, etc.
_9776
650 1 4 _aInventos
_x Tiras cómicas, historietas, etc.
_9777
700 1 _aMuhelen, Denise,
_etraductora.
_9779
700 1 _aNoguera Arrieta, Luisa Margarita,
_eeditora.
_974
942 _2ddc
_cBK
999 _c37295
_d37295